Da montanha ao mar (Record no. 133680)
[ view plain ]
| 000 -LÍDER | |
|---|---|
| campo de controle de tamanho fixo | 00813 a2200217 4500 |
| 001 - NÚMERO DE CONTROLE | |
| campo de controle | 133680 |
| 020 ## - ISBN - INTERNATIONAL STANDARD BOOK NUMBER | |
| ISBN - International Standard Book Number | 85-262-1727-5 |
| 040 ## - FONTE DA CATALOGAÇÃO | |
| Instituição que transcreveu o registro | Leonardo Da Vinci |
| 041 ## - CÓDIGO DE IDIOMA | |
| Código do idioma do texto/trilha sonora ou título diferente | Português |
| 082 ## - CDD - CLASSIFICAÇÃO DECIMAL DE DEWEY | |
| Número de Classificação | J R342m |
| Número do exemplar | R342m |
| 100 ## - ENTRADA PRINCIPAL--NOME PESSOAL | |
| Nome pessoal | AVÉROUS, Pierre |
| 245 ## - TÍTULO | |
| Título | Da montanha ao mar |
| 250 ## - EDIÇÃO | |
| Edição | 2.ed |
| 260 ## - PUBLICAÇÃO, DISTRIBUIÇÃO, ETC. | |
| Nome do editor, distribuidor, etc. | Scipione |
| Data da publicação, distribuição, etc. | 1992 |
| Local de publicação, distribuição, etc. | São Paulo |
| 300 ## - DESCRIÇÃO FÍSICA | |
| Extensão | 60 |
| 362 ## - DATAS DE PUBLICAÇÃO E/OU DESIGNAÇÃO SEQUENCIAL | |
| Datas de publicação e/ou designação sequencial | 19920000 |
| 490 ## - TÍTULO DA SÉRIE | |
| Título da série | Respostas a Pequenas Curiosidades |
| 500 ## - NOTA GERAL | |
| Nota geral | Luiz Cláudio de Castro (Tradução) |
| -- | Héliadore (Ilustração) |
| 697 ## - ENTRADA DE ASSUNTO LOCAL--ENTIDADE COLETIVA (RLIN) | |
| Nome corporativo ou nome da jurisdição | Literatura juvenil |
| -- | Ciências |
| -- | Paisagem |
| -- | Roçado |
| -- | Floresta |
| -- | Ponte |
| -- | Túnel |
| -- | Montanhas |
| -- | Pedra |
| -- | Rochedo |
| -- | Conchas |
| -- | Caverna |
| -- | Vulcão |
| -- | Geleiras |
| -- | Pedregulho |
| -- | Tijolo |
| -- | Areia |
| -- | Deserto |
| -- | Água |
| -- | Lago |
| -- | Rio |
| -- | Desfiladeiro |
| -- | Falésia |
| -- | Barragem |
| -- | Eclusa |
| -- | Fonte |
| -- | Ondas |
| -- | Mar |
| -- | Praia |
| -- | Algas |
| -- | Ilhas |
| 942 ## - ELEMENTOS DE ENTRADA ADICIONADOS (KOHA) | |
| Tipo de material Koha | Livros |
| Situação do descarte | Situação das perdas | Situação física | Não pode ser emprestado | Biblioteca de origem | Biblioteca atual | Data de aquisição | Total de empréstimos | Número de chamada completo | Código de barras | Data de último acesso | Data do preço efetivo | Tipo de material Koha |
|---|---|---|---|---|---|---|---|---|---|---|---|---|
| Leonardo Da Vinci - Osasco | Leonardo Da Vinci - Osasco | 27/03/2024 | J R342m | O003004 | 27/03/2024 | 27/03/2024 | Livros |